Aegean Airlines Fleet - Statistics

General Stats
  • This quiz has been taken 24 times
  • The average score is 5 of 10
Answer Stats
Retired or Not? Company Answer % Correct
Retired ATR ATR 72
81%
In Service Airbus A320neo
75%
In Service Airbus A321neo
75%
Retired Airbus A319-100
69%
In Service Airbus A320-200
69%
In Service Airbus A321-200
69%
Retired Boeing 737-300
31%
Retired Boeing 737-400
31%
Retired Boeing 757-200
25%
Retired British Aerospace Avro RJ
6%
No matching quizzes found
Score Distribution
Percent of People with Each Score
Percentile by Number Answered
Your Score History
You have not taken this quiz